[Event "Sarajevo Bosnia 29th"]
[Site "Sarajevo"]
[Date "1999.05.18"]
[Round "2"]
[White "Topalov, Veselin"]
[Black "Adams, Michael"]
[Result "1-0"]
[WhiteElo "2700"]
[BlackElo "2716"]
[Annotator "Ribli,Z"]
[PlyCount "121"]
[EventDate "1999.05.17"]
[EventType "tourn"]
[EventRounds "9"]
[EventCountry "BIH"]
[EventCategory "19"]
[SourceTitle "CBM 071"]
[Source "ChessBase"]
[SourceDate "1999.08.01"]
[SourceVersion "1"]
[SourceVersionDate "1999.08.01"]
[SourceQuality "1"]

{[%mdl 4112]} 1. Nf3 Nf6 2. c4 e6 3. Nc3 Bb4 4. Qc2 {In Superturnieren ist das
eine sehr populäre Variante. Weiß spielt nicht d2-d4, wonach Schwarz gute
Kontrolle über das Feld e4 hätte, sondern kämpft mit kleinen Zügen im Zentrum.
Ribli.} O-O 5. a3 Bxc3 6. Qxc3 b6 {Weiß besitzt das Läuferpaar, aber Schwarz
hat eine feste Stellung ohne Schwächen und ist gut entwickelt. Weiß strebt
natürlich nach Aktivität für seine schwarzfeldrigen Läufer.} 7. g3 Bb7 (7... d5
8. b4 (8. Bg2 c5 9. b4 (9. O-O dxc4 $5 10. Ne5 Nd5 11. Qxc4 (11. Qc2 Bb7 $1 12.
Nxc4 Nc6 $11) 11... Ba6 12. Qe4 f5 $5 13. Qf3 Qd6 $13) (9. d3 Nc6 10. O-O Bb7
11. Bg5 d4 12. Qc2 h6 13. Bd2 Nd7 14. b4 Qc7 15. Rab1 e5 16. bxc5 Nxc5 17. Bb4
e4 18. Ne1 exd3 19. Nxd3 Nxb4 20. axb4 Bxg2 21. Kxg2 Ne4 {0-1 Llanos,
G-Zarnicki,P/Buenos Aires 1992/EXT 97 (38)}) 9... Nbd7 10. O-O Bb7 11. d3 Qe7
12. Bb2 a5 13. b5 {Stean,M-Matanovic,A/Vrsac 1979/Inf 28 (13)}) 8... c5 9. bxc5
Ne4 10. Qc2 Bb7 11. Bg2 Nxc5 12. d4 (12. Bb2 d4 13. O-O Nc6 14. d3 e5 15. Nd2
Qe7 16. Nb3 Nd8 17. Nxc5 Bxg2 18. Kxg2 bxc5 19. Bc1 f5 20. Rb1 Nf7 21. Bd2 Qd7
22. Rb3 Nd6 {1/2-1/2 Velikov,P-Arnason,J/Dubai 1986/TD (44)}) 12... Ne4 13. O-O
Nc6 14. cxd5 exd5 15. Bf4 Rc8 16. Qd3 Na5 17. Rfc1 Qd7 18. Ne5 Qe6 19. Bf3 Nc4
20. Qd1 g5 21. Nxc4 gxf4 22. Ne5 {1-0 Rotstein,A-Kurajica,B/Bled 1997/CBM 57
ext (29)}) 8. b4 $5 {Weiß muß so spielen, denn 8.Bg2 d5 9.b4 d4! bietet
Schwarz aktive Gegenchancen.} (8. Bg2 d5 9. b4 $5 $146 d4 $1 10. Qb2 e5 11. O-O
Nbd7 12. d3 Re8 (12... Qc8 $5) 13. e4 (13. Re1 Qc8) 13... dxe3 14. Bxe3 Qc8 $1
15. Bg5 e4 16. dxe4 Bxe4 17. Rfe1 Qb7 18. Qc3 h6 {Gabriel,C-Dautov,R/Bad
Woerishofen 1997/Inf 70/[Dautov,R] (18)}) 8... d5 (8... Ne4 9. Qb3 d5 10. Bg2
Qf6 11. Bb2 dxc4 12. Qc2 c3 13. dxc3 Qf5 14. Qb3 Nd7 15. c4 e5 16. O-O h6 17.
Rad1 {1/2-1/2 Relange,E-Rozentalis,E/Belfort 1997/CBM 62 (31)}) 9. Bb2 {
[%cal Gb2g7]} dxc4 10. Qxc4 Bxf3 {Schwarz gibt freiwillig seinen Läufer auf
und schwächt die weiße Bauernstruktur.} 11. exf3 Qd5 {Auf den ersten Blick
scheint für Schwarz alles in Ordnung, denn im Endspiel hat Weiß
Bauernschwächen. In Wirklichkeit entfaltet Weiß aber dauerhaft Initiative.} 12.
Qxd5 (12. Bxf6 Qxf3 (12... gxf6 13. Qg4+ Kh8 14. Rc1 $14) 13. Bxg7 Kxg7 14. Rg1
c6 15. Bg2 $14) 12... Nxd5 13. Rc1 $14 {[%csl Gb2,Gc1,Gf1] Weiß hat zwar
einige Bauernschwächen, wegen seiner aktiven Figurenstellung besitzt er aber
dennoch die besseren Aussichten.} c6 14. Bc4 Rd8 (14... Nd7 15. Bxd5 cxd5 16.
Rc7 Rfd8 17. Ke2 $14 {[%csl Gb2][%cal Gh1c1]}) 15. h4 $1 {[%cal Gh4h5,Gh5h6,
Gb2g7] Weiß plant 16.h5, 17.h6 mit Aktivität am Königsflügel.} Ne7 16. h5 Nf5 {
[%csl Yd4,Gf5] Der schwarze Springer verhindert den Zug 17.h6 und kontrolliert
das Feld d4.} 17. Ke2 a5 (17... Nd4+ 18. Bxd4 Rxd4 19. h6 a5 $5) 18. b5 c5 (
18... cxb5 19. Bxb5 $14 {[%csl Gb5,Rb8]}) 19. f4 Nd4+ $11 {[%csl Gd4] Der
schwarze Springer steht gut auf d4 und die Stellung ist geschlossen. Daher
spielt das weiße Läuferpaar keine aktive Rolle.} 20. Kf1 Rd6 (20... Nd7) 21.
Kg2 Nd7 22. a4 Rd8 {[%csl Yd4][%cal Gd8d2] Schwarz hat keine Schwächen und
entfaltet positionellen Druck in der d-Linie.} 23. Rce1 Kf8 24. Bc3 Nf6 25. d3
h6 {Schwarz verhindert die Möglichkeit h5-h6.} 26. Rd1 Nc2 27. Kf3 R6d7 (27...
Nd4+ $5 $11) 28. Bb2 Nd5 {[%csl Yb4,Yd4,Gd5][%cal Gd5b4] Der Springer d5
strebt nach b4.} 29. Rd2 Ndb4 30. g4 $1 {[%cal Gg4g5]} Re8 31. Kg3 f6 $6 {
Dieser Zug gefällt mir nicht. Schwarz schwächt freiwillig seine Königsstellung.
} (31... Nd4 $5) 32. Re2 {[%csl Ge2,Re6] Jetzt hängt e6 und Weiß aktiviert so
seinen passiven Turm.} Nd4 33. Re3 e5 $6 {Dieser Zug ist nicht logisch. Weiß
kann jetzt seinen Doppelbauern loswerden.} (33... Nbc2 34. Re4 $11) (33... Nd5)
34. fxe5 Rxe5 (34... fxe5 35. Re4 $14 (35. Rhe1 Nbc2 36. Rf1 Nxe3 $2 37. fxe3+
$16 {[%cal Rf1f8,Re3d4]})) 35. Rxe5 fxe5 36. Re1 Re7 37. Bxd4 $1 {Ein sehr
guter Zug. Weiß gibt das Läuferpaar auf und erreicht ein besseres Endspiel.}
exd4 (37... cxd4 38. Re4 $14 {[%cal Gf2f4]}) 38. Rxe7 Kxe7 39. Kf4 $14 {
Weiß hat eigentlich einen Bauern mehr, denn er hat drei bewegliche Bauern
gegen zwei am Königsflügel, während die schwarze Bauernmehrheit am Damenflügel
auf c4 gut blockiert ist.} Nc2 (39... Kf6 40. Ke4 Kg5 41. Be6 $14) 40. Ke5 {
[%csl Ge5]} Na3 {[%cal Ra3c4]} 41. Bb3 {Weiß darf nicht 41...Nxc4 zulassen.}
Nb1 42. f4 {[%csl Gb3,Ge5,Gf4,Gg4,Gh5]} Nd2 43. Bd5 {[%csl Gd5] Der weiße
Läufer ist wertvoller als der schwarze Springer. Das liegt vor allem daran,
daß in diesem Endspiel Bauern auf beiden Flügeln sind. Der Läufer kann dann
gleichzeitig eigene Bauern unterstützen und gegnerische bekämpfen.} Nf1 44. g5
Ng3 {[%cal Rg3h5]} 45. Bf3 Nf1 46. gxh6 gxh6 47. f5 {[%csl Gf5]} Ne3 48. f6+
$16 {Weiß hat einen starken Freibauern und sein König steht viel aktiver als
sein Gegenüber.} Kf7 49. Be2 $1 {[%csl Ge2,Re3] 49...c4 geht nicht und der
schwarze Springer hat keine guten Züge.} Ng2 50. Bg4 Ne3 51. Be6+ Kf8 52. Bb3 {
[%csl Gb3,Re3,Rf8] Jetzt steht der schwarze König besonders passiv.} Ng4+ (
52... c4 53. dxc4 d3 54. c5 bxc5 55. b6 $18) (52... Ke8 53. Kd6 $18) 53. Kf5
Nf2 54. Bc4 {[%csl Rf2,Rf8]} Nd1 {[%cal Gd1b2,Gb2c4,Gb2d3]} (54... Ke8 55. Kg6
$18) 55. Bb3 (55. Kg6 Nb2) 55... Nf2 (55... Nb2 56. Ke4 $16 {[%csl Rb2]}) 56.
Bc2 Kf7 57. Bb1 $22 {Der König steht gut auf f7 und der Springer kontrolliert
den Bauern d3, aber wegen Zugzwangs muß Schwarz seine Stellung verschlechtern.}
Kf8 58. Kg6 $18 {[%csl Rh6] Das Eindringen des weißen Königs entscheidet die
Partie.} Ng4 59. Ba2 $22 {[%csl Rf8,Rg4]} Ne5+ (59... Ke8 60. Kg7 $18 {[%csl
Gf6]}) 60. Kxh6 Nxd3 61. Kg5 {[%cal Rh5h6,Rh6h7,Rh7h8] Und Schwarz gab auf. Er
hat keine Verteidigung gegen die Umwandlung des h-Bauern.} 1-0

[Event "EU-Cup 18th"]
[Site "Kallithea"]
[Date "2002.09.28"]
[Round "7.4"]
[White "Conquest, Stuart"]
[Black "Timoshenko, Georgy"]
[Result "0-1"]
[WhiteElo "2542"]
[BlackElo "2528"]
[Annotator "Ribli,Z"]
[PlyCount "76"]
[EventDate "2002.09.22"]
[EventType "team-swiss"]
[EventRounds "7"]
[EventCountry "GRE"]
[SourceTitle "CBM 092"]
[Source "ChessBase"]
[SourceDate "2003.02.06"]
[SourceVersion "1"]
[SourceVersionDate "2003.02.06"]
[SourceQuality "1"]
[WhiteTeam "Clichy Echecs 92"]
[BlackTeam "Donetsk"]
[WhiteTeamCountry "FRA"]
[BlackTeamCountry "UKR"]

1. c4 Nf6 2. Nc3 e6 3. Nf3 Bb4 4. Qb3 {Dieser Damenzug wird relativ selten
gespielt, die Alternative 4.Qc2 ist populärer und 4.g3 ist auch möglich.} c5 5.
g3 {Das ist eine wirklich seltene Fortsetzung - gewoehnlich mann spielt zuerst
5.a3.} (5. a3 Ba5 (5... Bxc3 6. Qxc3 $14) 6. g3 Nc6 7. Bg2 O-O 8. O-O d5) 5...
O-O (5... Nc6 6. Bg2 Na5 7. Qc2 Nxc4 8. a3 Ba5 9. Na4 d5 10. Nxc5 O-O 11. b4
Bc7 12. d3 Ne5 13. Bb2 Nxf3+ 14. Bxf3 b6 15. Nb3 Bd7 16. Rc1 Bd6 {1/2-1/2
Hracek,Z-Karpov,A/Cap d'Agde 1996/CBM 55 ext (42)}) 6. Bg2 Nc6 7. O-O (7. a3)
7... Na5 (7... d6) 8. Qc2 Nxc4 {Schwarz hat zeitweilig einen Mehrbauern, den
er zwar frueher, oder spaeter zurueckgeben muß, aber er hat in jedem Fall
bequemes Spiel.} 9. Na4 {[%csl Rc5][%cal Ga4c5]} d5 10. a3 (10. d3 Nb6 11. Nxc5
(11. a3 Ba5 (11... Nxa4 $2 12. axb4 $16) 12. Nxc5 Nbd7 {Das fuehrt - mit
Zugumstellung - zu unserer Partiefortsetzung.}) 11... Nbd7 $11) 10... Ba5 11.
d3 (11. Nxc5 Bc7 12. d3 Ne5 13. Nd4 Bd6 14. Bf4 b6 15. Na4 Bd7 16. Nc3 Rc8 17.
Qb3 {1/2-1/2 Buhr,C-Krogius,N/Berlin 1997/CBM 59 ext (38)}) 11... Nb6 12. Nxc5
Nbd7 {Schwarz muss so spielen, sonst kommt 13.b4 mit Figurengewinn.} 13. Nb3 (
13. b4 Nxc5 (13... Bc7 $1 14. Bb2 b6 15. Nxd7 Bxd7 16. Ne5 Rc8 17. Nxd7 Qxd7)
14. bxa5 b6 15. Be3 $16 Nfd7 16. a4 {1-0 Garcia Ilundain,D-Psakhis,L/Benasque
1995/CBM 50/[Romero Holmes] (79)}) 13... Bb6 (13... Bc7 $5 $11) 14. a4 $6 (14.
Bf4 $5 $14 {[%csl Gf4][%cal Gf4b8] Der f4B steht gut und kontrolliert die
wichtige Diagonale h2-b8.}) 14... Qc7 $11 15. Qd1 (15. Qxc7 Bxc7 $11) 15... Nc5
16. Bf4 Qd8 17. Nbd4 (17. Nxc5 Bxc5 18. d4 (18. Rc1 b6 19. d4 Bd6 20. Ne5 Bb7
$11) 18... Bd6 19. Bxd6 Qxd6 $11) 17... a5 {[%csl Yb4,Yb5] Nach diesem Zug
verbleiben beiderseitige Schwächungen (b5- und b4-Punkt) am Damenflügel. Die
weissen Figuren stehen etwas aktiver, aber die schwarze Zentrumstellung ist
genügend fest.} 18. Qd2 (18. Rc1) 18... Bd7 19. b3 Qe7 20. Qb2 (20. Ne5 $11)
20... Na6 {[%cal Ga6b4]} 21. Ne5 (21. Nb5 Bxb5 22. axb5 Nb4 $11) 21... Rfc8 22.
e4 $6 {[%mdl 16384] Weiss moechte die Diagonale des g2-Laufers oeffnen, aber
der Textzug schwaecht nur die weisse Stellung.} (22. Nxd7 Bxd4 (22... Nxd7 23.
Nb5 $14) 23. Qxd4 Nxd7 $11 {Weiss hat Läuferpaar, aber das hat keine Bedeutung
in der geschlossene Stellung.}) 22... Nb4 $15 {[%csl Gb4][%cal Gb4d3]} 23. Rad1
Be8 {[%csl Ge8] Auf diese Weise vermeidet Schwarz die Moeglichkeit Nxd7.} 24.
h3 $6 (24. Be3 $15) 24... Qc5 25. Be3 Qc3 $1 {[%csl Gb4,Gb6][%cal Gc8c1][%mdl
2048] Schwarz hat sehr aktives Figurenspiel am Damenfluegel, er kontrolliert
die einzige offene Linie.} 26. Qxc3 (26. Rb1 $142 Qxb2 (26... Nxd3 27. Nxd3
Qxd3 28. Rfd1 Qc3 29. exd5 exd5 (29... Nxd5 30. Bxd5 exd5 31. Nf5 Qxb2 32. Rxb2
Bxe3 33. Nxe3 $11 (33. Ne7+ $2 Kf8 34. Nxc8 Bc5 $19 {[%csl Rc8]})) 30. Nf5 Bxe3
31. Nxe3 $11) 27. Rxb2 Rc3 28. Ne2 Bxe3 29. Nxc3 (29. fxe3 Rc7 $17) 29... Bd4
$19) 26... Rxc3 $17 27. Kh2 (27. Rb1 Nxd3 28. Ne2 (28. Nxd3 Rxd3 $19) 28... Rc2
(28... Bxe3 29. Nxc3 Nxe5 30. fxe3 Rc8 $44) 29. Bxb6 Nxe5 $17) 27... Bxd4 28.
Bxd4 Rxb3 {Schwarz behält einen Bauern mehr und der a4P ist eine weitere
Schwächung.} 29. g4 Bxa4 30. g5 Nd7 31. Nxd7 Bxd7 32. exd5 exd5 (32... Nxd5 $19
) 33. Bc5 Bc6 34. d4 a4 $19 {[%csl Ga4] Der a-Bauer entscheidet die Partie.}
35. Rb1 Rxb1 (35... Nd3 $19) 36. Rxb1 Nc2 37. Rb2 a3 38. Ra2 (38. Rxc2 a2 $19)
38... b5 {[%cal Gb5b4,Gb4b3]} 0-1

[Event "Dos Hermanas"]
[Site "Dos Hermanas"]
[Date "1994.??.??"]
[Round "9"]
[White "Illescas Cordoba, Miguel"]
[Black "Epishin, Vladimir"]
[Result "1-0"]
[WhiteElo "2590"]
[BlackElo "2675"]
[Annotator "Ribli,Z"]
[PlyCount "107"]
[EventDate "1994.04.??"]
[EventType "tourn"]
[EventRounds "9"]
[EventCountry "ESP"]
[EventCategory "16"]
[SourceTitle "CBM 041"]
[Source "ChessBase"]
[SourceDate "1994.08.01"]
[SourceVersion "1"]
[SourceVersionDate "1994.08.01"]
[SourceQuality "1"]

1. Nf3 Nf6 2. c4 e6 3. Nc3 Bb4 4. Qc2 O-O 5. a3 Bxc3 6. Qxc3 b6 7. g3 Bb7 8.
Bg2 d6 (8... d5 9. cxd5 $1 $14 {Pushkov,N-Psakhis,L/Rostov/1993/CBM36/} (9. O-O
$2 dxc4 10. Qxc4 Ba6 $17)) 9. O-O Nbd7 10. b4 Re8 (10... a5 11. Bb2 Qe7 12. d3
$14 {Gurevich,M-Kholmov,R/Moscow TV/1987/CBM04/}) (10... Qe7 $5) 11. Bb2 e5 12.
d3 a6 13. Rac1 c5 14. Qd2 Rb8 (14... Rc8 15. Nxe5 $5 Bxg2 16. Nxd7 Bxf1 17.
Nxf6+ gxf6 18. Rxf1 $44) 15. Nh4 Bxg2 16. Kxg2 (16. Nxg2 $5) 16... g6 (16... b5
17. Nf5 Qb6 18. Qg5 $36) 17. Kg1 b5 18. Rc2 bxc4 (18... Qb6 $5) 19. dxc4 Qb6
20. Qd3 (20. Rd1 Re6 $13) 20... Qc6 (20... cxb4 $6 21. axb4 Qxb4 22. Ba3 Qb3 (
22... Nc5 23. Bxb4 Nxd3 24. Bxd6 $14) 23. Rc3 Qa2 24. Bxd6 $14) 21. Rd1 Qa4 22.
Rcd2 Re6 23. Bc3 a5 (23... Qxa3 24. Ra1 Qb3 (24... e4 $2 25. Qc2 $18) 25. Rb2
e4 26. Rxb3 exd3 27. exd3 $14) 24. bxa5 (24. b5 $2 Nb6 $17) 24... Rb3 25. Ng2
e4 (25... Rxa3 26. Ne3 e4 27. Qc2 Qxc2 28. Rxc2 $14) 26. Qc2 Qxc4 27. Bxf6 Qxc2
28. Rxc2 Rxf6 (28... Nxf6 $2 29. Nf4 $16) 29. Ne3 Rxa3 30. Nc4 Ra4 31. Nxd6 Re6
(31... Rxa5 $2 32. Nb7 $18) 32. Nxf7 $1 Re7 (32... Kxf7 33. Rxd7+ Re7 34. Rxe7+
Kxe7 35. Rxc5 $18) 33. Nd8 e3 34. f3 Ne5 35. Rxc5 Ra2 36. Re1 (36. Kf1 $2 Nxf3
$1) 36... Kf8 37. f4 Ng4 38. Kg2 Nf2 39. Kf3 $1 Ne4 40. Rd5 Nd2+ 41. Kg4 Kg7
42. Nc6 h5+ 43. Kh3 Rb7 44. Rd3 Rc7 45. Ne5 g5 46. fxg5 (46. Rxe3 $5) 46...
Rxa5 47. Rxe3 Re7 48. Rd1 Ra2 49. Rc1 Ra5 50. Rd1 Ra2 51. Kh4 $2 (51. Kg2 $18)
51... Re8 $2 (51... Rxe5 52. Rxe5 Nf3+ 53. Kxh5 (53. exf3 $4 Rxh2#) 53... Nxe5
$14) 52. Nc4 Rxe3 53. Nxe3 Kg6 54. Ng2 1-0

[Event "Tilburg"]
[Site "Tilburg"]
[Date "1994.??.??"]
[Round "3"]
[White "Khalifman, Alexander"]
[Black "Hjartarson, Johann"]
[Result "1-0"]
[WhiteElo "2645"]
[BlackElo "2585"]
[Annotator "Ribli,Z"]
[PlyCount "121"]
[EventDate "1994.09.??"]
[EventType "k.o."]
[EventRounds "7"]
[EventCountry "NED"]
[SourceTitle "CBM 044"]
[Source "ChessBase"]
[SourceDate "1995.02.01"]
[SourceVersion "1"]
[SourceVersionDate "1995.02.01"]
[SourceQuality "1"]

1. Nf3 Nf6 2. c4 e6 3. Nc3 Bb4 4. g3 b6 (4... O-O 5. Bg2 d5 $5) 5. Bg2 Bb7 6.
O-O O-O 7. Qc2 Re8 (7... Qe7 8. b3 (8. d4 $5) 8... Bxc3 9. Qxc3 c5 10. Bb2 (10.
d4 $5) 10... d5 11. cxd5 Bxd5 12. d3 Rd8 13. Rfc1 Na6 $10 {Lobron,E-Karpov,An/
Dortmund/1993/CBM35/INF57,15/}) 8. d4 $5 (8. Rd1 d6 9. d4 Bxc3 10. Qxc3 Nbd7
11. b3 a6 $6 12. Bb2 b5 13. Rac1 Nb6 14. Ba3 $14 {Timman,J-Karpov,An/Linares/
1993/CBM34/INF57,14/}) 8... d5 (8... Bxc3 9. Qxc3 d6 10. b3 Nbd7 11. Bb2 Be4
12. Rac1 Rc8 13. Rfd1 $14 {Illescas Cordoba,M-Karpov,An/Linares/1994/CBM40/
INF60,16/}) 9. Ne5 (9. cxd5 exd5 10. Bf4 $14 Nbd7 $2 11. Nb5 $1 $16) 9... c6 (
9... Nbd7 10. Bg5 $14) 10. Bg5 Be7 11. Rfd1 (11. e4 dxc4 12. Rfd1 $44) 11...
Nbd7 12. e4 h6 13. Bf4 (13. Bxf6 Nxf6 14. exd5 cxd5 15. cxd5 Nxd5 16. Nxd5 Bxd5
17. Nc6 Qd6 18. Nxe7+ Rxe7 19. Bxd5 Qxd5 $15) 13... Qc8 14. Rac1 (14. Nxd7 Qxd7
15. e5 Nh7 $13) 14... Nxe5 15. dxe5 Nxe4 16. Nxe4 dxe4 17. Bxe4 c5 (17... Qc7
$5 18. h4 Rad8 $14) 18. Rd2 $14 Qc7 19. Rcd1 Red8 20. h4 Rxd2 (20... h5 $6 21.
Rxd8+ Rxd8 22. Rxd8+ Bxd8 23. Bxb7 Qxb7 24. Qd1 Be7 25. Qxh5 Qe4 26. Qd1 Qxc4
27. Qd7 Bf8 28. Qxa7 b5 29. Qa8 $16) 21. Rxd2 Rd8 22. Rxd8+ Bxd8 23. Bxb7 Qxb7
24. Qd3 Be7 25. h5 $1 Qa6 26. a3 Qa4 27. Bc1 Qc6 28. b3 Qb7 29. Bd2 Qc6 30. f3
Qb7 31. Kf2 Qc6 32. Ke2 Qb7 33. Kd1 Kf8 34. Ke2 Kg8 35. Bc3 Qc6 36. Ke3 Bg5+
37. Ke2 Be7 38. Ke3 Bg5+ 39. f4 Be7 40. Qe4 Qxe4+ 41. Kxe4 g6 (41... Kf8 42. g4
Ke8 43. Bd2 $14) 42. g4 gxh5 43. gxh5 a5 44. Bd2 $1 Kh7 45. f5 Bh4 (45... Bg5
46. fxe6 fxe6 47. Bxg5 hxg5 48. Kf3 a4 49. bxa4 Kg7 50. Kg4 Kh6 51. a5 bxa5 52.
a4 $18) 46. b4 exf5+ 47. Kxf5 cxb4 48. axb4 a4 49. Bc1 Bg5 (49... Be7 50. Ba3
Kg8 51. Ke4 Kf8 52. Kd5 Ke8 53. Kc6 $18) 50. Ba3 Kg8 51. b5 Bd8 52. c5 $1 bxc5
53. Bxc5 Kh7 54. Ke4 $1 Kg7 55. Kd5 Bc7 56. b6 Bb8 57. b7 f5 58. Bd6 Ba7 59.
Kc6 f4 60. e6 f3 61. e7 (61. e7 f2 62. e8=Q f1=Q 63. Qg6+ Kh8 64. Be5+ $18) 1-0

[Event "Petrosian Memorial"]
[Site "Moscow"]
[Date "1999.06.18"]
[Round "1"]
[White "Larsen, Bent"]
[Black "Taimanov, Mark E"]
[Result "1/2-1/2"]
[WhiteElo "2532"]
[BlackElo "2424"]
[Annotator "Ribli,Z"]
[PlyCount "58"]
[EventDate "1999.06.??"]
[EventType "tourn"]
[EventRounds "9"]
[EventCountry "RUS"]
[EventCategory "11"]
[SourceTitle "CBM 072"]
[Source "ChessBase"]
[SourceDate "1999.10.01"]
[SourceVersion "1"]
[SourceVersionDate "1999.10.01"]
[SourceQuality "1"]

{[%mdl 48]} 1. Nf3 Nf6 2. c4 e6 3. Nc3 {Dieser Zug ist in der modernen
Turnierpraxis sehr beliebt und auch große Spieler vergangener Zeit scheinen
der Mode zu folgen. Ribli.} Bb4 4. Qc2 O-O 5. a3 Bxc3 6. Qxc3 d6 {Schwarz
möchte die Stellung geschlossen halten und mit folgendem ...e6-e5 die
Beweglichkeit des weißen schwarzfeldrigen Läufers einschränken.} 7. g3 {
Weiss hat eine solide Stellung. Er beabsichtigt, beide Läufer in die langen
Diagonalen zu stellen.} e5 {Das ist eine logische Strategie. Schwarz hat
seinen schwarzfeldrigen Läufer schon abgegeben und stellt die Bauernkette auf
schwarze Felder. So kann sich sein Damenläufer gut entwicklen.} 8. Bg2 (8. d3
Re8 (8... h6 $5 9. b4 Re8 10. Bb2 b6 11. Bg2 Bb7 12. O-O c5 13. e4 Nc6 14. b5
Nd4 15. Nxd4 cxd4 16. Qc2 Nd7 17. f4 Nc5 18. f5 a6 19. a4 axb5 20. axb5 Qf6 21.
h4 Kf8 {/\ Ke7-d7-c7=. Morovic Fernandez,I-Kortchnoi,V/Santiago (m/4) 1991 (21)
}) 9. Bg2 a5 10. b3 h6 11. Bb2 c5 12. O-O Nc6 13. e3 $11 {1/2-1/2 Gabriel,
C-Lobron,E/Bremen 1998/CBM 68/[Ribli] (38) Weiß besitzt das Läuferpaar, aber
die schwarze Stellung ist fest.}) 8... a5 {[%cal Ga5a4] Gegen den Zug 9.b4
gerichtet, wonach Schwarz die Türme tauschen kann. In einigen Varianten kann
Schwarz selbst ...a4 mit Raumvorteil ziehen.} (8... e4 9. Nd4 Re8 10. b4 c5 11.
Nc2 Nc6 12. Bb2 Be6 13. O-O Qd7 14. d4 Bh3 15. dxc5 Bxg2 16. Kxg2 dxc5 17. b5
Nd8 18. Rad1 Qg4 19. Qe3 Nh5 20. h3 Qg6 21. Kh2 b6 22. Ne1 Ne6 {0-1 Cebalo,
M-Zelcic,R/Bled 1997/CBM 57 ext (53)}) (8... Nc6 9. d4 (9. O-O Bg4 10. b4 Qd7
11. Re1 Rfe8 12. Bb2 Bh3 13. Bh1 h6 14. e4 Qg4 {1/2-1/2 Szuhanek,R-Navrotescu,
C/Bucuresti 1998/CBM 69_07 (40)}) (9. b4 Bg4 10. Bb2 Re8 11. O-O $1 d5 12. cxd5
Nxd5 13. Qc5 e4 14. Nd4 Nxd4 15. Qxd4 Nf6 16. Rfe1 c6 17. Rac1 $14 {
Damljanovic,B-Rohde,M/Saint John (open I) 1988/Inf 45 (17)}) 9... Ne4 10. Qe3
f5 11. O-O Qf6 12. Rd1 {1-0 Rohde,M-Feldman,E/US Amateur Team (East),
Parsippany NJ U 1999 (44)}) 9. b3 (9. b4 axb4 (9... Nbd7 $5) 10. axb4 Rxa1 11.
Qxa1 Re8 12. O-O Be6 (12... e4 13. Nd4 c5 $132) 13. d3 h6 14. Bb2 Qd7 15. Rc1
b5 16. cxb5 Qxb5 17. Qa5 Qxa5 18. bxa5 Na6 19. Rc6 Rb8 $11 {Malahatko-Holmov/
Dortmund 1997/MCL 04 (19)}) 9... Nc6 10. Bb2 (10. O-O Bg4 (10... Ne4 11. Qc2
Nc5 12. Bb2 Bg4 13. h3 Bxf3 14. Bxf3 a4 15. b4 Nb3 16. Rae1 Ncd4 17. Bxd4 Nxd4
18. Qc3 Nxf3+ 19. Qxf3 c6 {1/2-1/2 Marovic,D-Hecht,H/Dortmund 1973/MCL 04 (39)}
) 11. Re1 Qd7 12. d3 Qf5 13. Ng5 h6 14. Ne4 Nxe4 15. dxe4 Qh5 16. f3 Be6 17. g4
Qg6 18. e3 f6 {1/2-1/2 Jongsma,A-Cafferty,B/Amsterdam 1972/MCD-r7 (110)}) 10...
Bg4 {Weiss besitzt das Läuferpaar, aber Schwarz steht gut im Zentrum, hat
keine Schwächen oder Entwicklungsprobleme.} 11. h3 Bh5 12. O-O (12. d3 $5 {
Jetzt geht 12...e4? nicht wegen 13.dxe4 und der f6-Springer kann nicht auf e4
nehmen wegen Matt auf g7.}) 12... Ne4 $5 $11 (12... Re8 13. d3 $11) (12... Bxf3
13. Qxf3 $14 (13. Bxf3 Nd4 14. Rae1 Nxf3+ 15. Qxf3 $11)) 13. Qc2 Nc5 {[%csl
Gc5] Der Springer steht gut auf c5 und Schwarz bekommt Gegenspiel am
Damenflügel mit ...a5-a4.} 14. d3 (14. g4 $6 Bg6 15. Qc3 f5 $15) 14... Bxf3 $5
{Schwarz gibt auf den Läufer freiwillig auf und bekommt dafür starke Kontrolle
über das Feld d4.} (14... Qd7 15. g4 Bg6 16. Nh4 $14) 15. Bxf3 (15. exf3 a4 16.
b4 Nb3 $15 {[%csl Yd4][%cal Gb3d4,Gc6d4]}) 15... a4 16. b4 (16. bxa4 Nxa4 $11)
16... Nb3 17. Rae1 Ncd4 18. Qd1 {Weiss kann nicht beide Läufer retten und es
scheint richtig, daß er nicht den Läufer b2 aufgibt.} (18. Bxd4 Nxd4 19. Qd1
Nxf3+ 20. exf3 Qd7 $15 {Schwarz hat die bessere Bauernstruktur und eine
gesunde Stellung.}) 18... Nxf3+ 19. exf3 Qd7 {Die schwarze Bauernstruktur ist
besser wegen der weissen Doppelbauern in der f-Linie, aber der b3-Springer
steht nicht besonders gut und der b2-Läufer hat bessere Möglichkeiten.} 20. Kh2
Rfe8 21. Re3 {[%cal Gf1e1] Weiss bereitet die Verdoppelung der Türme vor.} Re6
{[%cal Ge6h6,Gh6h2]} 22. Rfe1 Rh6 23. g4 {Weiss muss seine Königsstellung
schwächen, aber das hat keine große Bedeutung.} (23. h4 g5 $40) 23... Re6 24.
d4 (24. f4 exf4 25. Rxe6 fxe6 26. Qf3 $11 {[%cal Rf3f4,Rf3b7]}) 24... exd4 25.
Bxd4 (25. Rxe6 $6 fxe6 26. Bxd4 Rf8 $15 {[%csl Rf2,Rf3][%cal Gf8f1]}) 25...
Rae8 (25... Rxe3 26. fxe3 $11) 26. Bc3 Rxe3 27. Rxe3 (27. fxe3 $11) 27... Rxe3
28. fxe3 {Weiss hat jetzt eine gesunde Bauernstellung und einen guten Läufer
in der langen Diagonalen, aber das Material ist reduziert und die Stellung
daher gleich.} Qe6 29. Qd3 h5 {Und in gleicher Stellung wurde Remis vereinbart.
} (29... h5 30. e4 $11 (30. Kg2 $11)) 1/2-1/2